Využite platformy Arduino v rámci IoT bakalárska práca

Na minha lista:
Detalhes bibliográficos
Autor principal: Némethy, Róbert
Autor Corporativo: Fakulta hospodárskej informatiky EU. Katedra aplikovanej informatiky
Outros Autores: Schmidt, Peter, 1968-
Formato: Livro
Idioma:eslovaco
Publicado em: Bratislava 2021
Tags: Adicionar Tag
Sem tags, seja o primeiro a adicionar uma tag!

MARC

LEADER 00000nbm a2200000 4500
001 0276201
005 20220317105502.1
041 0 |a slo 
044 |a SK 
245 1 0 |a Využite platformy Arduino v rámci IoT  |b bakalárska práca  |c Róbert Némethy ; školiteľ: Peter Schmidt 
264 1 |a Bratislava  |c 2021 
300 |a 50 s. 
100 1 |a Némethy, Róbert 
700 1 |a Schmidt, Peter, 1968- 
710 2 |a Fakulta hospodárskej informatiky EU. Katedra aplikovanej informatiky